[Event "Gibraltar Amateurs op-B"]
[Site "Caleta"]
[Date "2020.01.25"]
[Round "1"]
[White "Nebel, Uwe"]
[Black "Savage, Neil"]
[Result "1-0"]
[WhiteElo "1847"]
[BlackElo "1608"]
[PlyCount "43"]
[EventDate "2020.01.20"]
[EventType "swiss"]
[EventRounds "5"]
[EventCountry "GGB"]
[SourceTitle "CBM 194 Extra"]
[Source "ChessBase"]
[SourceDate "2020.03.31"]
[SourceVersion "1"]
[SourceVersionDate "2020.03.31"]
[SourceQuality "1"]

1. e4 g6 2. d4 Bg7 3. f4 c5 4. d5 d6 5. Nf3 Bg4 6. Bd3 Nd7 7. h3 Bxf3 8. Qxf3 Ngf6 9. 0-0 0-0 10. c4 Ne8 11. Nc3 e6 12. Rb1 exd5 13. exd5 Nef6 14. Bd2 Nb6 15. Rbe1 Qd7 16. f5 Rae8 17. Rxe8 Rxe8 18. Bg5 Rf8 19. b3 a6 20. Ne4 Nxe4 21. Bxe4 Qe8 22. f6 1-0

[Event "Ruhrgebiet VK2 1112"]
[Site "Nordrheinwestfalen"]
[Date "2011.10.09"]
[Round "2.6"]
[White "Masberg, Stefan"]
[Black "Nebel, Uwe"]
[Result "1-0"]
[WhiteElo "1899"]
[BlackElo "1891"]
[PlyCount "61"]
[EventDate "2012.09.18"]
[EventType "team-tourn"]
[EventRounds "9"]
[EventCountry "GER"]
[SourceTitle "EXT 2020"]
[Source "ChessBase"]
[SourceDate "2019.10.17"]
[SourceVersion "1"]
[SourceVersionDate "2019.10.17"]
[SourceQuality "1"]
[WhiteTeam "Bottrop SV"]
[BlackTeam "Drewer SG"]
[WhiteTeamCountry "GER"]
[BlackTeamCountry "GER"]

1. e4 d5 2. exd5 Qxd5 3. Nc3 Qa5 4. d4 c6 5. Nf3 Nf6 6. Bd3 Bg4 7. h3 Be6 8. Bd2 Qc7 9. Qe2 Nbd7 10. 0-0 h6 11. Ne5 Nxe5 12. Qxe5 0-0-0 13. Qxc7+ Kxc7 14. Bf4+ Kc8 15. Ne2 g5 16. Be5 Bg7 17. f4 Rdg8 18. f5 Bd7 19. c4 h5 20. g3 Ne8 21. Bxg7 Rxg7 22. Rae1 f6 23. Nc3 Nc7 24. Ne4 Rf8 25. Nc5 b6 26. Nxd7 Kxd7 27. Bc2 Kd6 28. b4 Na6 29. a3 c5 30. dxc5+ bxc5 31. Re6+ 1-0

[Event "Herne-ch 14th"]
[Site "Herne"]
[Date "2011.03.29"]
[Round "7"]
[White "Puetter, Pascal"]
[Black "Nebel, Uwe"]
[Result "0-1"]
[WhiteElo "1971"]
[BlackElo "2016"]
[PlyCount "72"]
[EventDate "2011.02.07"]
[EventType "swiss"]
[EventRounds "7"]
[EventCountry "GER"]
[SourceTitle "EXT 2014"]
[Source "ChessBase"]
[SourceDate "2013.11.20"]
[SourceVersion "1"]
[SourceVersionDate "2013.11.20"]
[SourceQuality "1"]

1. d4 Nf6 2. Nf3 d5 3. g3 c6 4. Bg2 Bf5 5. b3 e6 6. 0-0 Be7 7. Bb2 0-0 8. Nbd2 h6 9. c4 Bh7 10. Ne5 Nbd7 11. f4 Ne4 12. Nxe4 dxe4 13. e3 f6 14. Ng4 f5 15. Nf2 Nf6 16. g4 Nxg4 17. Nxg4 fxg4 18. Qxg4 Bf5 19. Qe2 Qe8 20. Kh1 g5 21. fxg5 hxg5 22. Rg1 Qg6 23. Raf1 Rf7 24. Rf2 Rh7 25. Bf1 Kf7 26. d5 Bd6 27. dxe6+ Ke7 28. c5 Bc7 29. Qc2 g4 30. Rgg2 g3 31. Rd2 Qxe6 32. Bc4 Qh6 33. Qc3 Bh3 34. Rge2 Rf8 35. Re1 g2+ 36. Kg1 Bxh2+ 0-1

[Event "LSS WC-2009-F-00001"]
[Site "LSS email"]
[Date "2009.11.03"]
[Round "?"]
[White "Daus, Peter"]
[Black "Nebel, Uwe"]
[Result "1-0"]
[WhiteElo "2391"]
[BlackElo "2397"]
[PlyCount "85"]
[EventDate "2009.11.08"]
[EventType "tourn (corr)"]
[EventRounds "14"]
[EventCountry "GER"]
[SourceTitle "Telechess CBM 141"]
[Source "ChessBase"]
[SourceDate "2011.03.17"]
[SourceVersion "1"]
[SourceVersionDate "2011.03.17"]
[SourceQuality "1"]

1. d4 Nf6 2. c4 e6 3. Nc3 Bb4 4. f3 d5 5. a3 Be7 6. e4 dxe4 7. fxe4 e5 8. d5 0-0 9. Nf3 c6 10. Bd3 cxd5 11. cxd5 Ng4 12. Qe2 Bc5 13. Rf1 Nd7 14. h3 Ngf6 15. g4 a6 16. Be3 Qb6 17. Nd1 Bd4 18. Rc1 Re8 19. Nd2 Nc5 20. Bb1 Bd7 21. b4 Ncxe4 22. Bxe4 Bb5 23. Nc4 Bxc4 24. Rxf6 Qxf6 25. Rxc4 a5 26. b5 g6 27. Rc7 Re7 28. Rc2 Ree8 29. g5 Qe7 30. Qd3 Rac8 31. Rxc8 Rxc8 32. Ke2 b6 33. Bd2 h5 34. a4 Qd7 35. Qb3 Qd8 36. Ne3 Bc5 37. d6 Qxd6 38. Qd5 Qc7 39. Qb7 Qd8 40. Nd5 Kf8 41. Bc3 Rb8 42. Qc7 Qxc7 43. Nxc7 1-0

[Event "LSS WC-2009-F-00001"]
[Site "LSS email"]
[Date "2009.11.03"]
[Round "?"]
[White "Nebel, Uwe"]
[Black "Barbarics, Vuk Tadija"]
[Result "1/2-1/2"]
[WhiteElo "2399"]
[BlackElo "2258"]
[PlyCount "73"]
[EventDate "2009.11.08"]
[EventType "tourn (corr)"]
[EventRounds "14"]
[EventCountry "GER"]
[SourceTitle "Telechess CBM 147"]
[Source "ChessBase"]
[SourceDate "2012.03.16"]
[SourceVersion "1"]
[SourceVersionDate "2012.03.16"]
[SourceQuality "1"]

1. e4 c5 2. Nf3 d6 3. d4 cxd4 4. Nxd4 Nf6 5. Nc3 g6 6. Be3 Bg7 7. f3 Nc6 8. Qd2 0-0 9. Bc4 Bd7 10. 0-0-0 Rc8 11. Bb3 Ne5 12. h4 h5 13. Bg5 Rc5 14. Kb1 Re8 15. Bh6 Nc4 16. Bxc4 Rxc4 17. Bxg7 Kxg7 18. Nd5 e5 19. Nxf6 Qxf6 20. Nb3 Rec8 21. Qxd6 Be6 22. c3 b5 23. Rd2 R4c6 24. Qd3 Qf4 25. Rdd1 Rb6 26. Qd2 Qf6 27. Qg5 Qxg5 28. hxg5 b4 29. cxb4 Rxb4 30. Na1 a5 31. Rd2 Rcb8 32. b3 R4b7 33. Nc2 Rh8 34. Rd6 a4 35. b4 Rc8 36. Rc1 h4 37. Rd3 1/2-1/2

[Event "LSS WC-2009-F-00001"]
[Site "LSS email"]
[Date "2009.11.03"]
[Round "?"]
[White "Nebel, Uwe"]
[Black "Dutra Neto, Alfredo Carlos S"]
[Result "1/2-1/2"]
[WhiteElo "2412"]
[BlackElo "2463"]
[PlyCount "106"]
[EventDate "2009.11.08"]
[EventType "tourn (corr)"]
[EventRounds "14"]
[EventCountry "GER"]
[SourceTitle "Telechess CBM 141"]
[Source "ChessBase"]
[SourceDate "2011.03.17"]
[SourceVersion "1"]
[SourceVersionDate "2011.03.17"]
[SourceQuality "1"]

1. e4 e6 2. d4 d5 3. Nc3 Nf6 4. Bg5 Be7 5. e5 Nfd7 6. Bxe7 Qxe7 7. f4 0-0 8. Nf3 c5 9. dxc5 Nc6 10. Qd2 Rd8 11. Be2 Nxc5 12. 0-0 b6 13. Bb5 Bb7 14. Bxc6 Bxc6 15. Nd4 Ne4 16. Qe3 Qc5 17. Rf3 Bb7 18. Nd1 Re8 19. Nf2 Qb4 20. Nd3 Qa4 21. c3 Qc4 22. Rh3 Rad8 23. Qf3 b5 24. Qg4 b4 25. Nxb4 Qc7 26. Qh5 h6 27. g4 a5 28. Nbc2 Qb6 29. g5 Qxb2 30. gxh6 g6 31. h7+ Kh8 32. Qh4 Rd7 33. Re1 f5 34. exf6 Rf7 35. f5 exf5 36. Rg3 Bc8 37. Rxg6 Qb7 38. Re2 Rxh7 39. Qf4 Qc7 40. Qxc7 Rxc7 41. Ne3 Nxc3 42. Reg2 Ne4 43. Rh6+ Rh7 44. Rxh7+ Kxh7 45. Nxd5 Rf8 46. Rg7+ Kh6 47. Ra7 f4 48. f7 Kg7 49. Kg2 Ng5 50. Nxf4 Rxf7 51. Rxf7+ Kxf7 52. Nfe2 Ne4 53. Kf3 Bb7 1/2-1/2

[Event "Ruhrgebiet VK1 0910"]
[Site "Ruhrgebiet"]
[Date "2009.10.04"]
[Round "2.7"]
[White "Friedrich, Patrick"]
[Black "Nebel, Uwe"]
[Result "1-0"]
[WhiteElo "1995"]
[BlackElo "2016"]
[PlyCount "85"]
[EventDate "2009.09.06"]
[EventType "team"]
[EventRounds "9"]
[EventCountry "GER"]
[SourceTitle "EXT 2011"]
[Source "ChessBase"]
[SourceDate "2010.11.26"]
[SourceVersion "1"]
[SourceVersionDate "2010.11.26"]
[SourceQuality "1"]
[WhiteTeam "Borbeck Weisse Dame II"]
[BlackTeam "Drewer SG"]
[WhiteTeamCountry "GER"]
[BlackTeamCountry "GER"]

1. d4 Nf6 2. Nf3 e6 3. e3 d5 4. Bd3 c5 5. b3 cxd4 6. exd4 Nc6 7. 0-0 Bd6 8. Bb2 0-0 9. Nbd2 Re8 10. Ne5 Bxe5 11. dxe5 Nd7 12. f4 f5 13. c3 Nc5 14. Be2 Ne4 15. Nxe4 dxe4 16. Qxd8 Rxd8 17. Rfd1 Bd7 18. Rd6 Kf7 19. Rad1 Be8 20. Bc4 Rxd6 21. Rxd6 Nd8 22. a4 a6 23. a5 Rc8 24. Kf2 Bc6 25. g3 g6 26. Bc1 Bd5 27. Bxd5 exd5 28. Bd2 Nc6 29. Rxd5 Rd8 30. c4 Rxd5 31. cxd5 Ne7 32. e6+ Ke8 33. d6 Nc6 34. Ke3 Nd8 35. e7 Ne6 36. Bb4 Kd7 37. Kd2 Nd4 38. Kc3 Nf3 39. Kc4 Nxh2 40. Kc5 e3 41. Kb6 h5 42. e8Q+ Kxe8 43. Kc7 1-0

[Event "Hastings Masters op 84th"]
[Site "Hastings"]
[Date "2009.01.05"]
[Round "9"]
[White "Cafferty, Bernard"]
[Black "Nebel, Uwe"]
[Result "1/2-1/2"]
[WhiteElo "2179"]
[BlackElo "2001"]
[PlyCount "52"]
[EventDate "2008.12.28"]
[EventType "swiss"]
[EventRounds "9"]
[EventCountry "ENG"]
[SourceTitle "CBM 128 Extra"]
[Source "ChessBase"]
[SourceDate "2009.03.05"]
[SourceVersion "2"]
[SourceVersionDate "2009.03.25"]
[SourceQuality "1"]

1. Nf3 e6 2. c4 f5 3. g3 Nf6 4. Bg2 d6 5. 0-0 Be7 6. b4 0-0 7. Bb2 Qe8 8. d4 Nbd7 9. Nbd2 Qh5 10. Qb3 Re8 11. Rfe1 g5 12. Rf1 h6 13. Rac1 c6 14. e3 Bd8 15. Qd3 Qg6 16. c5 Bc7 17. cxd6 Bxd6 18. Qb3 Nd5 19. b5 cxb5 20. Qxb5 N7b6 21. Qb3 Bd7 22. Ne5 Bxe5 23. dxe5 Rec8 24. e4 fxe4 25. Nxe4 Bc6 26. Nd6 Rf8 1/2-1/2

[Event "Hastings Masters op 84th"]
[Site "Hastings"]
[Date "2009.01.03"]
[Round "7"]
[White "Rayner, Francis"]
[Black "Nebel, Uwe"]
[Result "1-0"]
[WhiteElo "2151"]
[BlackElo "2001"]
[PlyCount "75"]
[EventDate "2008.12.28"]
[EventType "swiss"]
[EventRounds "9"]
[EventCountry "ENG"]
[SourceTitle "CBM 128 Extra"]
[Source "ChessBase"]
[SourceDate "2009.03.05"]
[SourceVersion "2"]
[SourceVersionDate "2009.03.25"]
[SourceQuality "1"]

1. c4 f5 2. Nf3 Nf6 3. g3 e6 4. Bg2 Be7 5. d4 d6 6. 0-0 0-0 7. b4 Qe8 8. Bb2 Nbd7 9. Nc3 e5 10. dxe5 dxe5 11. Nd5 Bd8 12. b5 c6 13. bxc6 bxc6 14. Ne3 Ng4 15. Nxg4 fxg4 16. Nd2 Rb8 17. Ba3 c5 18. Ne4 Be7 19. Qd5+ Kh8 20. Rad1 Rb6 21. Bxc5 Nxc5 22. Nxc5 Rd6 23. Qxd6 Bxd6 24. Rxd6 g6 25. Rd5 Qe7 26. Rb1 Rd8 27. Rbd1 Rxd5 28. Rxd5 Kg7 29. e4 h5 30. Bf1 Kf6 31. a4 Bb7 32. Nxb7 Qxb7 33. c5 Qb4 34. c6 Qxe4 35. Rc5 Qd4 36. Rc4 Qd8 37. c7 Qc8 38. Rc1 1-0

[Event "Hastings Masters op 84th"]
[Site "Hastings"]
[Date "2009.01.02"]
[Round "6"]
[White "Nebel, Uwe"]
[Black "Conde Chijeb, Manuel Jesus"]
[Result "1-0"]
[WhiteElo "2001"]
[BlackElo "1790"]
[PlyCount "89"]
[EventDate "2008.12.28"]
[EventType "swiss"]
[EventRounds "9"]
[EventCountry "ENG"]
[SourceTitle "CBM 128 Extra"]
[Source "ChessBase"]
[SourceDate "2009.03.05"]
[SourceVersion "2"]
[SourceVersionDate "2009.03.25"]
[SourceQuality "1"]

1. e4 e6 2. d4 d5 3. Nd2 Ne7 4. e5 Ng6 5. Ngf3 c5 6. c3 c4 7. g3 Be7 8. Bg2 a5 9. 0-0 b5 10. a3 0-0 11. Ne1 a4 12. f4 f5 13. Ndf3 Nh8 14. Nc2 Bd7 15. Ne3 h5 16. Ng5 Bxg5 17. fxg5 g6 18. Nxd5 Bc6 19. Nf6+ Kg7 20. Rf4 Bxg2 21. Kxg2 Nf7 22. Qf3 Ra7 23. h4 Qc7 24. Be3 Rb7 25. Re1 Qc6 26. d5 exd5 27. Bd4 Qe6 28. Qxd5 Nd8 29. Bc5 Qxd5+ 30. Nxd5 Ne6 31. Bxf8+ Kxf8 32. Rf2 Na6 33. Nf4 Nxf4+ 34. Rxf4 Nc5 35. e6 Nd3 36. Re2 Nxf4+ 37. gxf4 Ke7 38. Re5 Rb6 39. Kf3 Rb7 40. Ke3 Rb6 41. Kd4 Rd6+ 42. Kc5 Rxe6 43. Kd5 Rxe5+ 44. Kxe5 Kf7 45. Kd6 1-0

[Event "IECG WC.2009.T.00002 email"]
[Site "IECG email"]
[Date "2008.04.15"]
[Round "1"]
[White "Nebel, Uwe"]
[Black "Hellbing, Bernd"]
[Result "1/2-1/2"]
[WhiteElo "2448"]
[BlackElo "2471"]
[PlyCount "85"]
[EventDate "2008.04.15"]
[EventType "tourn (corr)"]
[EventRounds "10"]
[SourceTitle "Corr 2024"]
[Source "ChessBase"]
[SourceDate "2023.10.19"]
[SourceVersion "1"]
[SourceVersionDate "2023.10.19"]
[SourceQuality "1"]

1. e4 c5 2. Nf3 d6 3. d4 cxd4 4. Nxd4 Nf6 5. Nc3 a6 6. Be3 e5 7. Nb3 Be6 8. f3 Be7 9. Qd2 h5 10. Be2 Nbd7 11. Nd5 Nxd5 12. exd5 Bf5 13. 0-0 0-0 14. c4 h4 15. f4 Be4 16. Rac1 Rc8 17. Na5 h3 18. gxh3 exf4 19. Bxf4 f5 20. Nb3 Ne5 21. Nd4 Rf6 22. Ne6 Rg6+ 23. Bg3 Qb6+ 24. Rf2 Bh4 25. Rc3 Bf6 26. b3 Qa5 27. Bf1 b5 28. Bg2 bxc4 29. bxc4 Qb4 30. Bxe4 fxe4 31. a3 Qb1+ 32. Qc1 Qxc1+ 33. Rxc1 Nd3 34. Rcc2 Nxf2 35. Kxf2 Be7 36. Ke3 Rf6 37. Bf4 Rf5 38. Kxe4 Rh5 39. Bg3 Rxh3 40. Nd4 Re8 41. Nf5 Bf8+ 42. Kf3 Rh5 43. Kg4 1/2-1/2

[Event "GER-ch39 V03 email"]
[Site "GER email"]
[Date "2007.04.15"]
[Round "?"]
[White "Nebel, Uwe"]
[Black "Schuett, Ingo"]
[Result "1/2-1/2"]
[WhiteElo "2261"]
[BlackElo "2356"]
[PlyCount "67"]
[EventDate "2007.??.??"]
[EventType "tourn (corr)"]
[EventRounds "10"]
[EventCountry "GER"]
[SourceTitle "Corr 2011"]
[Source "ChessBase"]
[SourceDate "2010.08.31"]
[SourceVersion "1"]
[SourceVersionDate "2010.08.31"]
[SourceQuality "1"]

1. e4 e5 2. Nf3 Nc6 3. Bb5 a6 4. Ba4 Nf6 5. 0-0 Be7 6. Re1 b5 7. Bb3 0-0 8. c3 d6 9. h3 Bb7 10. d4 Re8 11. Nbd2 Bf8 12. a4 h6 13. Bc2 exd4 14. cxd4 Nb4 15. Bb1 c5 16. d5 Nd7 17. Ra3 f5 18. Rae3 Nf6 19. Nh2 Qd7 20. exf5 Rxe3 21. fxe3 Bxd5 22. Ng4 Be7 23. e4 Bf7 24. Nf3 Rd8 25. axb5 axb5 26. Bf4 Nc6 27. Re2 Nxg4 28. hxg4 Bf6 29. g5 hxg5 30. Nxg5 Bd4+ 31. Be3 Ra8 32. Bxd4 Nxd4 33. Re1 Qe7 34. Nxf7 1/2-1/2

[Event "GER-ch39 V03 email"]
[Site "GER email"]
[Date "2007.04.15"]
[Round "?"]
[White "Nebel, Uwe"]
[Black "Stieger, Helmut G"]
[Result "1/2-1/2"]
[WhiteElo "2261"]
[BlackElo "2145"]
[PlyCount "80"]
[EventDate "2007.??.??"]
[EventType "tourn (corr)"]
[EventRounds "10"]
[EventCountry "GER"]
[SourceTitle "Corr 2011"]
[Source "ChessBase"]
[SourceDate "2010.08.31"]
[SourceVersion "1"]
[SourceVersionDate "2010.08.31"]
[SourceQuality "1"]

1. e4 c5 2. Nf3 e6 3. d4 cxd4 4. Nxd4 a6 5. Bd3 Bc5 6. Nb3 Ba7 7. 0-0 Ne7 8. Qe2 Nbc6 9. Be3 d6 10. f4 0-0 11. c3 b5 12. N1d2 Ng6 13. a4 b4 14. Kh1 Bxe3 15. Qxe3 bxc3 16. bxc3 Qc7 17. Qg3 Kh8 18. e5 Nce7 19. exd6 Qxd6 20. Ne4 Qc7 21. Nec5 Rb8 22. a5 Rd8 23. Rab1 Qa7 24. Qf2 Kg8 25. Bc4 Nd5 26. Rbd1 Nge7 27. Bd3 Bb7 28. c4 Nf6 29. Bc2 Bc6 30. h3 Rdc8 31. Kh2 h5 32. Qd4 Nf5 33. Bxf5 exf5 34. Qe5 Nd7 35. Qxf5 g6 36. Qg5 Nxc5 37. Nxc5 Bxg2 38. Nd7 Bxf1 39. Nf6+ Kg7 40. Nxh5+ Kh7 1/2-1/2

[Event "GER-ch39 V03 email"]
[Site "GER email"]
[Date "2007.04.15"]
[Round "?"]
[White "Seelig, Juergen"]
[Black "Nebel, Uwe"]
[Result "0-1"]
[WhiteElo "1998"]
[BlackElo "2261"]
[PlyCount "118"]
[EventDate "2007.??.??"]
[EventType "tourn (corr)"]
[EventRounds "10"]
[EventCountry "GER"]
[SourceTitle "Corr 2011"]
[Source "ChessBase"]
[SourceDate "2010.08.31"]
[SourceVersion "1"]
[SourceVersionDate "2010.08.31"]
[SourceQuality "1"]

1. e4 c5 2. Nf3 d6 3. d4 cxd4 4. Nxd4 Nf6 5. Nc3 a6 6. Be3 e6 7. f3 b5 8. g4 h6 9. Qd2 Nbd7 10. 0-0-0 Bb7 11. h4 b4 12. Na4 Qa5 13. b3 Nc5 14. a3 Rc8 15. Qxb4 Qc7 16. Nxc5 dxc5 17. Qa4+ Nd7 18. Ne2 Bc6 19. Qc4 Ne5 20. Qc3 Nxf3 21. Bf4 Qb7 22. Ng3 Nd4 23. Kb2 Be7 24. Bd3 a5 25. g5 a4 26. Be5 axb3 27. cxb3 f6 28. Bxd4 cxd4 29. Qxd4 0-0 30. Bc4 Rcd8 31. Qe3 Qc7 32. Rxd8 Rxd8 33. Rc1 fxg5 34. Bxe6+ Kh8 35. e5 gxh4 36. Ne2 Qb7 37. b4 h3 38. Qxh3 Bg5 39. Rc2 Be4 40. Bf5 Bxc2 41. Bxc2 Qd5 42. Qf5 g6 43. Qxg6 Qxe5+ 44. Nc3 Qg7 45. Kb3 Qxg6 46. Bxg6 Kg7 47. Be4 Rd4 48. Bb7 Bd2 49. Nb5 Rd3+ 50. Kc2 Rd8 51. Nc7 Kf7 52. Nd5 Be1 53. Kd1 Bg3 54. a4 h5 55. Ke2 h4 56. Kf3 Rd7 57. Bc6 Ra7 58. Kg4 Ra6 59. Bb5 Rg6+ 0-1

[Event "IECG WC.2008.T.00002 email"]
[Site "IECG email"]
[Date "2007.02.02"]
[Round "?"]
[White "Bubir, Sergei"]
[Black "Nebel, Uwe"]
[Result "1-0"]
[WhiteElo "2398"]
[BlackElo "2469"]
[PlyCount "63"]
[EventDate "2007.02.02"]
[EventType "tourn (corr)"]
[EventRounds "10"]
[SourceTitle "Corr 2011"]
[Source "ChessBase"]
[SourceDate "2010.08.31"]
[SourceVersion "1"]
[SourceVersionDate "2010.08.31"]
[SourceQuality "1"]

1. d4 Nf6 2. c4 e5 3. dxe5 Ng4 4. Bf4 Nc6 5. Nf3 Bb4+ 6. Nc3 Bxc3+ 7. bxc3 Qe7 8. Qd5 f6 9. exf6 Nxf6 10. Qd3 d6 11. g3 0-0 12. Bg2 Bd7 13. 0-0 Rae8 14. c5 dxc5 15. Bxc7 c4 16. Qd1 Ne4 17. Rc1 Rf7 18. Bf4 Qc5 19. Qc2 Bf5 20. Qb2 Bg4 21. h3 Bh5 22. Be3 Qe7 23. g4 Bg6 24. Qb5 Qe6 25. Rfd1 Ng3 26. Ng5 Nxe2+ 27. Kh2 Qf6 28. Nxf7 Bxf7 29. Rc2 Nxc3 30. g5 Nxb5 31. gxf6 Nb4 32. Rcd2 1-0